LIBRARY & INFORMATION CENTRE, KCAET, TAVANUR

ONLINE PUBLIC ACCESS CATALOGUE (OPAC)

Strange story of the quantum / (Record no. 9061)

MARC details
000 -LEADER
fixed length control field 00396cam a2200157ua 4500
041 ## - LANGUAGE CODE
Language code of text/sound track or separate title eng
082 ## - DEWEY DECIMAL CLASSIFICATION NUMBER
Classification number 530.12
Item number HOF/ST
100 ## - MAIN ENTRY--AUTHOR NAME
Personal name Hoffmann, Banesh .
245 ## - TITLE STATEMENT
Title Strange story of the quantum /
250 ## - EDITION STATEMENT
Edition statement 2 /
260 ## - PUBLICATION, DISTRIBUTION, ETC. (IMPRINT)
Place of publication New York :
Name of publisher Dover Publications ,
Year of publication 1959.
300 ## - PHYSICAL DESCRIPTION
Number of Pages 285 ; .
942 ## - ADDED ENTRY ELEMENTS (KOHA)
Koha item type Books
Holdings
Withdrawn status Lost status Damaged status Home library Current library Date acquired Full call number Accession Number Koha item type
      KAUAET KAUAET 07/04/2012 530.12 HOF/ST 5570 Books
free website counter